Les pilotes champions du monde en F1 depuis 1950 - Statistiques

Statistiques générales
  • Ce quiz a été pris 205 fois
    173 depuis la dernière actualisation
  • Le résultat moyen est 58 sur 74
Statistiques - réponses
Année Pilotes Écuries % Correct
2008 Lewis HAMILTON McLaren Mercedes
99%
2014 Lewis HAMILTON Mercedes-Benz
99%
2015 Lewis HAMILTON Mercedes-Benz
99%
2017 Lewis HAMILTON Mercedes-Benz
99%
2018 Lewis HAMILTON Mercedes-Benz
99%
2019 Lewis HAMILTON Mercedes-Benz
99%
2020 Lewis HAMILTON Mercedes-Benz
99%
2021 Max VERSTAPPEN Redbull Racing
99%
2022 Max VERSTAPPEN Redbull Racing
99%
2023 Max VERSTAPPEN Redbull Racing
99%
1994 Michael SCHUMACHER Benetton Ford
98%
1995 Michael SCHUMACHER Benetton Ford
98%
2000 Michael SCHUMACHER Ferrari
98%
2001 Michael SCHUMACHER Ferrari
98%
2002 Michael SCHUMACHER Ferrari
98%
2003 Michael SCHUMACHER Ferrari
98%
2004 Michael SCHUMACHER Ferrari
98%
2010 Sebastian VETTEL Redbull Racing Renault
98%
2011 Sebastian VETTEL Redbull Racing Renault
98%
2012 Sebastian VETTEL Redbull Racing Renault
98%
2013 Sebastian VETTEL Redbull Racing Renault
98%
1985 Alain PROST McLaren TAG
96%
1986 Alain PROST McLaren TAG
96%
1989 Alain PROST McLaren Honda
96%
1993 Alain PROST Williams Renault
96%
1988 Ayrton SENNA McLaren Honda
96%
1990 Ayrton SENNA McLaren Honda
96%
1991 Ayrton SENNA McLaren Honda
96%
2005 Fernando ALONSO Renault
95%
2006 Fernando ALONSO Renault
95%
2007 Kimi RÄIKKÖNEN Ferrari
92%
1982 Keke ROSBERG Williams Ford
90%
2016 Nico ROSBERG Mercedes-Benz
90%
2009 Jenson BUTTON Brawn Mercedes
85%
1951 Juan Manuel FANGIO Alfa Romeo
85%
1954 Juan Manuel FANGIO Maserati/Mercedes-Benz
85%
1955 Juan Manuel FANGIO Mercedes-Benz
85%
1956 Juan Manuel FANGIO Ferrari
85%
1957 Juan Manuel FANGIO Maserati
85%
1997 Jacques VILLENEUVE Williams Renault
83%
1975 Niki LAUDA Ferrari
82%
1977 Niki LAUDA Ferrari
82%
1984 Niki LAUDA McLaren TAG
82%
1996 Damon HILL Williams Renault
81%
1998 Mika HAKKINEN McLaren Mercedes
81%
1999 Mika HAKKINEN McLaren Mercedes
81%
1962 Graham HILL BRM
80%
1968 Graham HILL Lotus Ford
80%
1961 Phil HILL Ferrari
79%
1981 Nelson PIQUET Brabham Ford
71%
1983 Nelson PIQUET Brabham BMW
71%
1987 Nelson PIQUET Williams Honda
71%
1952 Alberto ASCARI Ferrari
70%
1953 Alberto ASCARI Ferrari
70%
1992 Nigel MANSELL Williams Renault
66%
1959 Jack BRABHAM Cooper Climax
58%
1960 Jack BRABHAM Cooper Climax
58%
1966 Jack BRABHAM Brabham Repco
58%
1950 Nino FARINA Alfa Romeo
58%
1976 James HUNT McLaren Ford
57%
1972 Emerson FITTIPALDI Lotus Ford
56%
1974 Emerson FITTIPALDI McLaren Ford
56%
1969 Jackie STEWART Mahra Ford
50%
1971 Jackie STEWART Tyrrell Ford
50%
1973 Jackie STEWART Tyrrell Ford
50%
1963 Jim CLARK Lotus Climax
45%
1965 Jim CLARK Lotus Climax
45%
1979 Jody SCHECKTER Ferrari
43%
1978 Mario ANDRETTI Lotus Ford
41%
1980 Alan JONES Williams Ford
40%
1958 Mike HAWTHORN Ferrari
39%
1970 Jochen RINDT Lotus Ford
36%
1967 Denny HULME Brabham Repco
31%
1964 John SURTEES Ferrari
31%
Aucun quiz correspondant
Distribution des résultats
% des personnes avec chaque résultat
Percentile par nombre de réponses
Votre historique - résultats
Vous n’avez pas pris ce quiz depuis la dernière actualisation